000 00294nam a22001337a 4500
008 171106b xxu||||| |||| 00| 0 eng d
020 _a0256035725
041 _aeng
080 _22ND
_a330.722.6
100 _a61
101 _aKON
245 _aCOST ACCOUNTING
_cDEAKIN,E.B
942 _2udc
_cBK
999 _c37797
_d37797